Текст томруулах:    
Ready notes for use with Intermediate accounting (Бичлэгийн дугаар. 146009)
000 -УДИРДЛАГА
Удирдлага 00936nam a22002897a 4500
003 - ХЯНАЛТЫН ТОО ТОДОРХОЙЛОГЧ
Код MN-UlNUM
005 - БИЧИЛТ ХИЙСЭН ОГНОО
Тухайн бичилтийг бичсэн засварласан сүүлийн огноо 20251224095011.0
008 - ЕРӨНХИЙ МЭДЭЭЛЭЛ
Ерөнхий мэдээлэл 251224s1998 mauaa||| |||| 001 0 eng |
020 ## - ISBN
ISBN 0072929278
040 ## - БИЧЛЭГ ҮҮСГЭГЧ БАЙГУУЛЛАГА
Бичлэг үүсгэгч номын сангийн код МУИС-ийн номын сан
084 ## - ББК АНГИЛАЛ
Нэмэлт тусгалт Бусад
ББК ангилал 65.290-2
Зохиогчийн гурван тэмдэгт Ch 48
Мэдлэгийн ялгаа 65 - Эдийн засаг
100 1# - ЗОХИОГЧ
Зохиогчийн нэр Chasteen, Lanny G.,
Зохиогчийн огноо 1942-
245 10 - ҮНДСЭН ГАРЧИГ
Номын нэр Ready notes for use with Intermediate accounting
Оролцогчдын тухай мэдээ Lanny G. Chasteen, Richard E. Flaherty, Melvin C. O'Connor.
250 ## - ДАХИН ХЭВЛЭЛТ
Дахин гаралтын дугаар 6th ed.
260 ## - ГАРАЛТЫН МЭДЭЭ
Хэвлэгдсэн газар Boston :
Хэвлэлийн газар Irwin McGraw Hill,
Хэвлэгдсэн он 1998.
500 ## - Тайлбар
Дансны дугаар БС 4701-4702
546 ## - ХЭЛНИЙ ТУХАЙ МЭДЭЭ
Хэл Англи хэл дээр,
653 ## - Түлхүүр үг
Түлхүүр үг accounting
700 1# - ХАМ ЗОХИОГЧИД
Ба бус Flaherty, Richard E.,
Dates associated with a name 1944-
700 1# - ХАМ ЗОХИОГЧИД
Ба бус O'Connor, Melvin C.
740 ## - НОМЫН ГАРЧИГ
Гарчиг Financial Accounting and Reporting: An Introduction
740 ## - НОМЫН ГАРЧИГ
Гарчиг Financial Accounting and Reporting: A Theoretical Structure
740 ## - НОМЫН ГАРЧИГ
Гарчиг The Accounting Process: An Overview
740 ## - НОМЫН ГАРЧИГ
Гарчиг The Income Statement
942 ## - ЭЛЕМЕНТИЙН ТӨРӨЛ
Зүйлийн төрөл Ном